Yo, Dawg! I Heard You Like Picture Box Quizzes Stats

 Plays Quiz not verified by Sporcle

Score 0/24 Timer 06:00
0 Plays Today
Hint Answer % Correct
10Seven Dwarfs
90.5%
18American Sign Language Alphabet
86.2%
22Candy Bars!!!
84.6%
17Flags of the World
84.5%
2Faces on Time (2000s)
82.1%
4American Landmarks
80.4%
6Sandwich Time!
78.3%
3The Cursive Alphabet
77.3%
5NHL Teams by Logo
75.8%
14Disney Characters (A-Z)
74%
20The Powerpuff Girls Characters by Image
72%
7Things that are Orange
69.4%
Hint Answer % Correct
1Marine Mammals
68.9%
8Album Covers
68.7%
9Restaurant Logos
67.9%
13Games by Cupcake
66.6%
19Minecraft Blocks
65.2%
21Gaming Silhouettes
64%
12Islands Out of Context
57.5%
16American Gothic Parodies
55.7%
24Yo, dawg! I heard you like picture box quizzes.
54.8%
15Presidential Losers
53.4%
11Images that Start with 'Q'
45.2%
23Premier League Logos Close-Up
43.1%

You're not logged in!

Compare scores with friends on all Sporcle quizzes.
OR
Log In

Sporcle TV

Today on Sporcle TV


Watch our educational content, quiz creation guides, and fun videos on Sporcle TV.

Show Comments

Extras

Top Quizzes Today


Score Distribution

Your Account Isn't Verified!

In order to create a playlist on Sporcle, you need to verify the email address you used during registration. Go to your Sporcle Settings to finish the process.

Report this User

Report this user for behavior that violates our Community Guidelines.

Details: